00461cam a22001572 4500001001100000005001700011008004100028040001500069110003600084245005400120250001300174260003700187300002000224650005600244852000300300000001327920151217155856.0090727s xx 000 0 eng d aKABUcKABU2 aKenya, Republic of.@000015005110aDraft The Kenya freedom of information bill 2007. a1st ed. aNairobi :bGovt. Printer,c2007. aiii, 29 leaves. 0aMass mediaxLaw and legislationzKenya.@00001601291